• 首页
  • 本馆介绍
  • 公告通知
  • 最新文献
  • 馆藏检索
  • 电子资源
  • 读者导购
  • 参考咨询
  • 我的图书馆
  • 登录
  • 详细信息显示
  • 放入我的书架
  • 预约/预借图书
  • 作者相关作品
  • 分类相关作品
  • 丛书相关作品
  • 出版社相关作品

书目信息

  • 表格格式
  • 工作单格式
  • 卡片格式
书名: The BBI combinatory dictionary of English
作者:
分册号:
分册名:
出版地: Amsterdam :
 
出版社: John Benjamins Pub. Co
出版时间: 1986.
页数: xxxvi, 286 p. ;
开本: 23 cm.
丛书名:
中图分类号:
科图分类号:
其他分类号: H313.3-61
主题词:
电子资源:
000 00661nam 2200205 a 4500
001 E0732353373
005 20070228085926.26
008 001 0 eng
008 uu
040    @aNLC
049    @aN5LA
090    @a2G-88/H316/B36///////822387/1103199/-201/ cop.2-4
090    @aH313.3-61
096    @aH316 @v2
099    @dH313.3-61@ex42
245 04 @aThe BBI combinatory dictionary of English
260    @aAmsterdam :@bJohn Benjamins Pub. Co.,@c1986.
300    @axxxvi, 286 p. ;@c23 cm.
700 1  @aBenson, Morton @ecomp. @b00 @c20020930 @lNLC09 @h2246 @b00 @c20021018 @lNLC09 @h0106 @lNLC09 @h2259 @lNLC09 @h1850
852 9  @bWWJC @cJ09 @k2G-88 @hH316 @iB36
    
    The BBI combinatory dictionary of English.-Amsterdam : : John Benjamins Pub. Co., , 1986.
    xxxvi, 286 p. ; ; 23 cm.
    
    
    ISBN
    
●
相关链接 在E读中查询图书 在五车中查询图书 在当当中查询图书 在豆瓣中查询图书


正题名:BBI combinatory dictionary of English     索取号:H313.3-61/x42         预约/预借

序号 登录号 条形码 馆藏地/架位号 状态 备注
1 184045   001301059   第二样本阅览室/ [索取号:H313.3-61/x42] 在馆    
2 184046   001301013   第四借阅区/ [索取号:H313.3-61/x42] 在馆    
唐山师范学院图书馆 欢迎您!
大连网信软件有限公司© 版权所有